000 01067nam2a22002531 4500
001 rc\4255392
005 20130416114549.4
021 _aRU
_b[66-4662]
035 _a(NLR Aleph) 008235815
090 _a8246032
_c8246033
100 _a20130416d1965 |||y0rusy50 ca
101 0 _arus
102 _aRU
105 _aa z |||a|
200 1 _aСтихотворения, повести и поэмы. 1926-1930
_f[Сост., подготовка текста и примеч. А.В. Прямкова]
210 _d1965
215 _a522 с., 4 л. ил.
461 0 _1001rc\4255386
_12001#$aСобрание сочинений$eВ 8 т.$f[Ред. коллегия: С.А. Васильев и др.$gВступ. статья А.А. Суркова$gСост., подготовка текста и примеч. И.С. Эвентова]. Т. 1-$vТ. 6
_1700#1$aБедный$bД.$f1883-1945$gДемьян
702 1 _aПрямков
_bА. В.
_4220
_4212
801 0 _aRU
_bNLR
_gpsbo
801 1 _aRU
_bELAR
_2rusmarc
852 _aNLR
_j64-3/1096
942 _cBOOK
980 _aNB